| 000 | 01030nam a22002537a 4500 | ||
|---|---|---|---|
| 999 |
_c17138 _d17138 |
||
| 003 | AR-CdUCM | ||
| 008 | 190507b ||||| |||| 00| 0 spa d | ||
| 040 |
_aMUNICIPALIDAD PROVINCIAL DEL CUSCO _cBIBLIOTECA MUNICIPAL DEL CUSCO |
||
| 041 | _heng | ||
| 082 |
_a153.15 / _bSM61 |
||
| 100 |
_aSmith, Wendell I. _936996 |
||
| 245 |
_aComo se aprende el comportamiento : _bpsicología de los procesos cognitivos / |
||
| 260 |
_aBuenos Aires : _bPaidos, _c1970. |
||
| 300 |
_a232 páginas ; _bfiguras, escalas, _c19.5 cm. |
||
| 440 |
_aBiblioteca de Educación Contemporánea / volumen serie menor. _n137 _936997 |
||
| 505 | _aContenido: La introducción programada -- El aprendizaje de habilidades -- El aprendizaje de respuestas múltiples -- El lenguaje -- Los conceptos ... | ||
| 650 |
_aPsicología _91538 |
||
| 650 |
_aAprendizaje _92143 |
||
| 650 |
_aLenguaje _95227 |
||
| 700 |
_aClementi, José (traducción) _936534 |
||
| 700 |
_aRohrman, Nicholas L. (coautor) _936998 |
||
| 942 |
_2ddc _cLIBROS |
||
| 945 |
_aachl _d2019-05-07 |
||